Legislación de administración local (Record no. 7152)

MARC details
000 -LEADER
campo de control de longitud fija 01013nam a2200265 i 4500
001 - NÚMERO DE CONTROL
campo de control 7152
003 - IDENTIFICADOR DE NÚMERO DE CONTROL
campo de control ES-MaACL
005 - FECHA Y HORA DE LA ÚLTIMA TRANSACCIÓN
campo de control 20250826042746.0
007 - CAMPO FIJO DE DESCRIPCIÓN FÍSICA--INFORMACIÓN GENERAL
campo de control de longitud fija t|
008 - DATOS DE LONGITUD FIJA--INFORMACIÓN GENERAL
campo de control de longitud fija 900924s1990 sp l |||| | spa d
020 ## - NÚMERO INTERNACIONAL ESTÁNDAR DEL LIBRO
Número Internacional Estándar del Libro 84-7088-493-X
080 ## - NÚMERO DE LA CLASIFICACIÓN DECIMAL UNIVERSAL
Número de la Clasificación Decimal Universal 352/353(46)(094.4)
245 00 - MENCIÓN DEL TÍTULO
Título Legislación de administración local
Resto del título : (1975-1987) /
Mención de responsabilidad, etc. [recopilación], Luis Cosculluela Montaner, Enrique Orduña Rebollo.
260 ## - PUBLICACIÓN, DISTRIBUCIÓN, ETC.
Lugar de publicación, distribución, etc. Madrid :
Nombre del editor, distribuidor, etc. Instituto Nacional de Administración Pública,
Fecha de publicación, distribución, etc. 1990.
300 ## - DESCRIPCIÓN FÍSICA
Extensión LXVII, 1173 p. ;
Dimensiones 24 cm.
490 1# - MENCIÓN DE SERIE
Mención de serie Repertorios. Serie Administraciones territoriales
500 ## - NOTA GENERAL
Nota general Índice.
650 14 - PUNTO DE ACCESO ADICIONAL DE MATERIA--TÉRMINO DE MATERIA
Término de materia o nombre geográfico como elemento de entrada Administración local-
Subdivisión geográfica España-
Subdivisión de forma Legislación.
9 (RLIN) 9635
700 1# - ENTRADA AGREGADA--NOMBRE PERSONAL
Nombre de persona Cosculluela Montaner, Luis.
9 (RLIN) 40988
700 1# - ENTRADA AGREGADA--NOMBRE PERSONAL
Nombre de persona Orduña Rebollo, Enrique.
9 (RLIN) 87213
710 2# - ENTRADA AGREGADA--NOMBRE DE ENTIDAD CORPORATIVA
Nombre de entidad corporativa o nombre de jurisdicción como elemento de entrada Instituto Nacional de Administración Pública (España)
9 (RLIN) 5139
830 0# - PUNTO DE ACCESO ADICIONAL DE SERIE-TÍTULO UNIFORME
Título uniforme Repertorios. Serie Administraciones territoriales
9 (RLIN) 227864
852 ## - LOCALIZACIÓN
Ubicación ES-MaACL
Número de control de estantería L-14396
Nota libre - rust.
Holdings
Estatus retirado Estado de pérdida Estado de daño No para préstamo Biblioteca de origen Biblioteca actual Ubicación en estantería Fecha de adquisición Fuente de adquisición Total de préstamos Signatura topográfica completa Código de barras Visto por última vez Precio de reemplazo Tipo de ítem Koha
        Biblioteca del Ateneo de Madrid Biblioteca del Ateneo de Madrid Depósito 2 17/01/2008     L-14396 1007290 23/02/2023 23/02/2023 Libro impreso